INTRODU TO OPERATIONS RESEARCH (Record no. 216015)

MARC details
000 -LEADER
fixed length control field 00473nam a22001457a 4500
008 - FIXED-LENGTH DATA ELEMENTS--GENERAL INFORMATION
fixed length control field 250811b |||||||| |||| 00| 0 eng d
050 ## - LIBRARY OF CONGRESS CALL NUMBER
Classification number HD 30. 36 .G87 2012
Item number C. 1
100 ## - MAIN ENTRY--PERSONAL NAME
Personal name GUPTA, PREM KUMAR
245 ## - TITLE STATEMENT
Title INTRODU TO OPERATIONS RESEARCH
Remainder of title FOR STUDENTS OF COMMERCE, MANAGEMENT, ACCOUNTANCY AND ECONOMICS
260 ## - PUBLICATION, DISTRIBUTION, ETC.
Place of publication, distribution, etc. NEW DELHI
Name of publisher, distributor, etc. S. CHAND & COMPANY LTD
Date of publication, distribution, etc. 2012
300 ## - PHYSICAL DESCRIPTION
Extent XII, 1195 P., ILL:
500 ## - GENERAL NOTE
General note INCLUDES INDEX
942 ## - ADDED ENTRY ELEMENTS (KOHA)
Source of classification or shelving scheme Library of Congress Classification
Koha item type Long Loan Book
Holdings
Withdrawn status Lost status Source of classification or shelving scheme Damaged status Not for loan Collection Home library Current library Shelving location Date acquired Inventory number Total checkouts Full call number Barcode Date last seen Date last checked out Copy number Price effective from Koha item type
    Library of Congress Classification     Business & Economics Kisii University Library Kisii University Library On Display 08/11/2025 46158 1 HD 30.36 .G87 2012 000000022531 04/10/2026 04/01/2026 C.1 08/11/2025 Long Loan Book